Clubes do NBB - Statistics

Estatísticas Gerais
  • Esse quiz foi jogado 967 vezes
    748 desde o último reset
  • A pontuação média é 8 de 17
Estatísticas das Respostas
Estado Clube % Correto
RJ Flamengo
95%
SP São Paulo
85%
SP Corinthians
82%
SP Franca
65%
DF Brasília
61%
SP Bauru
60%
MG Minas Tênis Clube
56%
CE Fortaleza Basquete Cearense
54%
SP Paulistano
43%
RS Caxias do Sul
39%
SP Pinheiros
36%
SP São José
32%
PR Pato Basquete
30%
PB Unifacisa
28%
DF Cerrado
24%
RS União Corinthians
23%
SP Rio Claro
18%
Nenhum quiz correspondente encontrado
Distribuição das Pontuações
Porcentagem de Pessoas com Cada Pontuação
Percentil de Números Respondidos
Sua Pontuação Histórica
Você não jogou esse quiz desde o último reset